000 00373nam a2200145Ia 4500
008 210210b1965 xxu||||| |||| 00| 0 eng d
082 _a540 WOOF
100 _aWOOD (J H) & others.
245 _aFundamentals of college chemistry.
260 _aNew York
_bHarper & Row
_c1965
300 _aviii,531
650 _aCollege Chemistry
690 _aChemistry
906 _a028735
999 _c79972
_d79972